000 00239nam a22001097a 4500
082 _aWAR
100 _aWarring R H
245 _aPumps selection systems and applications
260 _aEngland
_bTrade
_c1979
300 _a279
942 _cBK
999 _c12411
_d12411